Holiday Quiz

Random Holiday or Lyrics Quiz

Buddy the Elf's Christmas-gram Quiz Stats

 Plays Quiz Updated Jan 28, 2020

     
Support Sporcle.
Go Orange.
Score 0/11 Timer 03:00
12 Plays Today
Starting Lyrics Ending Lyrics % Correct
I love you, I love you, I love...you
92.2%
With my...dad
90%
I'm...here
88.9%
And we never...met
83.7%
And he wants me to...sing
82.8%
Him a...song
79.7%
And guess...what
78.9%
So I'm here...now
78.4%
But you didn't know I was...born
77.9%
I found you...daddy
49.8%
And, um, I was...adopted
46.8%

From the Vault

'Of' Songs

by midlifecrisis

Music 5m
Everyone likes a good 'Of' love.
Remove Ads.
Support Sporcle.
Get the best of Sporcle when you Go Orange. This ad-free experience offers more features, more stats, and more fun while also helping to support Sporcle. Thank you for becoming a member.

Show Comments

Extras

Top Quizzes Today


Score Distribution

Your Account Isn't Verified!

In order to create a playlist on Sporcle, you need to verify the email address you used during registration. Go to your Sporcle Settings to finish the process.

Report this User

Report this user for behavior that violates our Community Guidelines.

Details: